| 000 | 01676cam a22004094a 4500 | ||
|---|---|---|---|
| 001 | 12878110 | ||
| 003 | OSt | ||
| 005 | 20260330134732.0 | ||
| 008 | 020731s2003 cau b 001 0 eng | ||
| 010 | _a 2002110922 | ||
| 020 | _a0534536166 | ||
| 020 | _a9780534536169 | ||
| 035 | _a12878110 | ||
| 035 | _a(DLC) 2002110922 | ||
| 040 |
_aDLC _cOutspan Global University _dOutspan Global University _beng |
||
| 042 | _apcc | ||
| 050 | 0 | 0 |
_aRC488.5 _b.G4187 2003 |
| 100 | 1 |
_aGehart, Diane R., _d1969- |
|
| 245 | 1 | 0 |
_aTheory-based treatment planning for marriage and family therapists : _bintegrating theory and practice _cby Diane R. Gehart, Amy R. Tuttle. |
| 260 |
_aPacific Grove, CA : _bBrooks/Cole/Thomson, _cc2003. |
||
| 300 |
_axv, 269 p. ; _c24 cm. |
||
| 336 |
_atext _btxt _2rdacontent |
||
| 337 |
_aunmediated _bn _2rdamedia |
||
| 338 |
_avolume _bnc _2rdacarrier |
||
| 504 | _aIncludes bibliographical references and index. | ||
| 650 | 0 |
_aMarital psychotherapy _xPlanning. |
|
| 650 | 0 |
_aFamily psychotherapy _xPlanning. |
|
| 650 | 0 | _aMental health planning. | |
| 700 | 1 | _aTuttle, Amy R. | |
| 856 | 4 | 2 |
_3Publisher description _uhttp://www.loc.gov/catdir/enhancements/fy1216/2002110922-d.html |
| 856 | 4 | 1 |
_3Table of contents only _uhttp://www.loc.gov/catdir/enhancements/fy1216/2002110922-t.html |
| 856 | 4 | 2 |
_3Contributor biographical information _uhttp://www.loc.gov/catdir/enhancements/fy1302/2002110922-b.html |
| 906 |
_a7 _bcbc _corignew _d3 _eepcn _f20 _gy-gencatlg |
||
| 942 |
_2lcc _cBK _n0 |
||
| 999 |
_c3498 _d3498 |
||